Widok standardowy
Widok MARC
Pozycja Topical Term
Liczba rekordów, w których użyto hasła: 6
001 - Numer kontrolny
- control field: 39457
003 - Identyfikator numeru kontrolnego
- control field: NUKAT
005 - Data i czas ostatniej modyfikacji
- control field: 20260402131603.0
008 - Dane kontrolne kodowane (40 znaków)
- fixed length control field: 170316n||azznnbabn |a ana |
010 ## - Numer kontrolny Biblioteki Kongresu
- numer kontrolny LC: px2017041462
035 ## - Numer systemowy
- numer systemowy: (PL)a0000003607562
035 ## - Numer systemowy
- numer systemowy: a36075620
040 ## - Instytucja sporządzająca rekord
- inst. przygot. dane do rek. khw: WA N
- język haseł przedmiotowych/tezaurus: DBN
- inst. wprow. rek. khw: WA N
150 ## - Hasło - nazwa pospolita
- nazwa posp. lub nazwa geogr. na pocz.: Fotografia dokumentalna
455 ## - Trop zob. - nazwa rodzaju/formy
- nazwa rodzaju/formy: Documentary photography
455 ## - Trop zob. - nazwa rodzaju/formy
- nazwa rodzaju/formy: Fotografia dokumentacyjna
455 ## - Trop zob. - nazwa rodzaju/formy
- nazwa rodzaju/formy: Dokument fotograficzny
555 ## - Trop zob. też - nazwa rodz. lub formalna
- nazwa rodzajowa/formalna: Fotografia etnograficzna
555 ## - Trop zob. też - nazwa rodz. lub formalna
- nazwa rodzajowa/formalna: Fotografia społeczna
555 ## - Trop zob. też - nazwa rodz. lub formalna
- nazwa rodzajowa/formalna: Fotoreportaż
555 ## - Trop zob. też - nazwa rodz. lub formalna
- podpole kontrolne: g
- nazwa rodzajowa/formalna: Fotografie